Historia diplomática de la independencia de Chile (Registro nro. 61256)

Detalles MARC
000 -ENCABEZADO
Número de control [NR] 00663nam a2200181Ia 4500
008 - DE LONGITUD FIJA DE DATOS DE ELEMENTOS - INFORMACIÓN GENERAL
Elementos de longitud fija [NR] 130821s1961 cl gr spa
040 ## - FUENTE DE CATALOGACION [NR]
Agencia de catalogación original [NR] Co-BoUCM
Idioma de catalogación [NR] spa
041 00 - CODIGO DE IDIOMA [R]
Código de idioma para texto/pista de sonido o título separado [R] Español
100 2# - ASIENTO PRINCIPAL--NOMBRE PERSONAL [NR]
Nombre personal [NR] Montaner y Bello, Ricardo
Fechas asociadas con el nombre [NR] 1868-
245 10 - MENCION DE TITULO [NR]
Título [NR] Historia diplomática de la independencia de Chile
Mención de responsabilidad, etc. [NR] Ricardo Montaner y Bello
260 ## - PUBLICACION, DISTRIBUCION, ETC. (PIE DE IMPRENTA) [R]
Lugar de publicación, distribución, etc. [R] Santiago de Chile (Chile)
Nombre del editor, distribuidor, etc. [R] Editorial Andrés Bello
Fecha de publicación, distribución, etc. [R] 1961
300 ## - DESCRIPCION FISICA [R]
Extensión [R] 464 páginas
490 #0 - MENCION DE SERIE [R]
Mención de serie [R] Historia de las Relaciones Internacionales de Chile
504 ## - NOTA DE BIBLIOGRAFIA, ETC. [R]
Nota de bibliografía, etc. [NR]
651 #7 - ASIENTO SECUNDARIO DE MATERIA - NOMBRE GEOGRAFICO [R]
Nombre geográfico [NR] Chile
Geographic name following place entry element [OBSOLETE] Relaciones internacionales
9 (RLIN) 26603
942 ## - ELEMENTOS DE ENTRADA AGREGADOS (KOHA)
Tipo de ítem principal el descrito en 300a Libro
Tema principal Ciencia política
Edición 1
Parte restante de la signatura top. M65h
Sistema de clasificación DEWEY
Clasificación 327.83
Existencias
Total préstamos Signatura topográfica Código de barras Última vez visto Ejemplar Price effective from Tipo de ítem Perdido Sistema de clasificación Dañado No prestable Tipo de ítem específico Suprimido Ubicación habitual Ubicación actual Localización Fecha de creación Forma de adquisición Costo
  327.83 M65h 3000070 15/12/2012 Ej.1 03/02/2013 Libro   DEWEY     Libro     Bib. Cavelier Acavalier 28/02/2013   0.00